Engineering drawing and geometry

Αποθηκεύτηκε σε:
Λεπτομέρειες βιβλιογραφικής εγγραφής
Κύριοι συγγραφείς: Hoelscher, Randolph Philip (Συγγραφέας), Springer, Clifford Harry (Συγγραφέας)
Μορφή: Βιβλίο
Γλώσσα:Αγγλικά
Έκδοση: Nueva York John Wiley 1963
Έκδοση:2a. ed
Θέματα:
Ετικέτες: Προσθήκη ετικέτας
Δεν υπάρχουν, Καταχωρήστε ετικέτα πρώτοι!

MARC

LEADER 00000nam a2200000 a 4500
001 UCV7065
003 CL-VaPUC
008 920513e19630000US |||||||||||||||||eng|d
082 0 4 |a 604.2  |b HOE  |2 21 
100 0 |a Hoelscher, Randolph Philip  |e author  |9 301072 
700 0 |a Springer, Clifford Harry  |e author  |9 301073 
245 1 0 |a Engineering drawing and geometry 
250 |a 2a. ed 
300 |a 400 p 
942 |c BK 
945 |d 19920513 00:00:00 
260 |a Nueva York  |b John Wiley  |c 1963 
650 7 |a DIBUJO TECNICO  |2 CL-VaPUC  |9 301074 
650 0 |a Geometría   |9 264063 
583 |a last modification  |c 19920513 00:00:00  |k Rodrigo Vera 
999 |c 212811  |d 212809